00522nam a2200205 a 4500001001300000003000900013005001700022008004100039020001000080082001800090100001400108245003800122260004300160300000700203500003500210505001000245650002700255650002000282700001400302nice12345678IN_TiNIC20260116011502.0050524s0000 boba grp 000 0 eng  ac10000a297.822bIVA7 aIvanow, W aIsmaili Poem in Praise of Fidawis aBobbaybNur-I-Jehan Publicationsc0000 a8p aincludes index and biblioraphy2 aIndex aMuslims-India-politics aIsmailis-Hitory1 aIvanow, W